00954nam a2200241 i 450000100060000000300090000600500170001500700030003200800410003504000130007608000290008908000280011810000570014624501300020326000590033330000280039250000400042050000880046061000490054865000490059765100340064685200320068017535ES-MaACL20240426063018.0t|010402s1913 sp |||| | spa d cES-MaACL a711.4(460.27 M-212)(073) a711.4(377 Pompeya)(073)1 aGonzález del Castillo, Hilarión,d1869-1941eaut10aPompeya y la Ciudad Lineal :bfebrero-marzo 1913 : programa de las conferencias / cde D. Hilarión González del Castillo. aMadrid : b[s.n., c1913] f(Imp. de la Ciudad Lineal) a12 páginas ; c16 cm. aPrecede al tít.: Ateneo de Madrid aPrograma de las conferencias dadas en el Ateneo de Madrid, en febrero-marzo de 191324aAteneo de Madrid-vConferencias-vProgramas. aUrbanismo-zCiudad Lineal (Madrid, Distrito) 4aPompeya (Ciudad desaparecida) aES-MaACLcDEPOFjT-1335-F-1